000 00426nmm a2200145Ia 4500
008 251105s9999||||xx |||||||||||||||||und||
041 _aspa
100 _aPalacios Bertolot, Ricardo Andrés
245 0 _aSer vigilante en el Perú
264 _a[Madrid, España] :
_bMedinaliber Hispánica,
_c2020
300 _a0 páginas
650 _aBiography
856 _uhttps://public.digitaliapublishing.com/a/99825
942 _cCF
999 _c106801
_d106801